| 000 | 00571nam a2200193 i 4500 | ||
|---|---|---|---|
| 001 | 85644 | ||
| 003 | ES-MaACL | ||
| 005 | 20250710062724.0 | ||
| 007 | t| | ||
| 008 | 041130s1958 fr ||||1| fre d | ||
| 100 | 1 |
_aJulien, Charles-André. _967244 |
|
| 245 | 1 | 0 |
_aHistoire de l'Afrique des origines a 1945 / _cpar Ch-André Julien. |
| 260 |
_aParis : _bPresses Universitaires de France, _c1958. |
||
| 300 |
_a126 p. ; _c18 cm. |
||
| 490 | 1 |
_aQue sais-je? ; _v4 |
|
| 830 | 0 | 0 |
_aQue sais-je? _v4 _9180931 |
| 852 |
_aES-MaACL _jC-15265 _bR.43296 |
||
| 999 |
_c85644 _d85644 |
||